Hivatal packázásai [könyvismertetés] /
Elmentve itt :
| Szerző: | |
|---|---|
| Dokumentumtípus: | Cikk |
| Megjelent: |
1950
|
| Sorozat: | Tiszatáj
4 No. 2 |
| Kulcsszavak: | Bürokrácia - irodalmi - könyvismertetés |
| Online Access: | http://tiszataj.bibl.u-szeged.hu/2808 |
| LEADER | 00610nab a2200181 i 4500 | ||
|---|---|---|---|
| 001 | tisza2808 | ||
| 005 | 20200330114517.0 | ||
| 008 | 170102s1950 hu o 0|| hun d | ||
| 022 | |a 0133-1167 | ||
| 040 | |a SZTE Tiszatáj Archívum |b hun | ||
| 041 | |a hun | ||
| 100 | 1 | |a Király József | |
| 245 | 1 | 0 | |a Hivatal packázásai |h [elektronikus dokumentum] : |b [könyvismertetés] / |c Király József |
| 260 | |c 1950 | ||
| 300 | |a 123-125 | ||
| 490 | 0 | |a Tiszatáj |v 4 No. 2 | |
| 695 | |a Bürokrácia - irodalmi - könyvismertetés | ||
| 856 | 4 | 0 | |u http://tiszataj.bibl.u-szeged.hu/2808/1/tiszataj_1950_002_123-125.pdf |z Dokumentum-elérés |